| 000 | 00528nam a2200169 4500 | ||
|---|---|---|---|
| 001 | 122028 | ||
| 003 | ES-MaACL | ||
| 005 | 20230906191907.0 | ||
| 007 | t| | ||
| 008 | 070214s1981 sp r ||||1| spa d | ||
| 100 | 1 |
_aPoster, Cyril. _993359 |
|
| 245 | 1 | 0 |
_aDirección y gestión de centros educativos / _cCyril Poster ; traducción de Luis Echevarría Rivera. |
| 260 |
_aMadrid : _bAnaya, _c1981. |
||
| 300 |
_a189 p. ; _c22 cm. |
||
| 700 | 1 |
_aEchevarría Rivera, Luis Eduardo. _946564 |
|
| 852 |
_aES-MaACL _jL-1413 _bR.102289 |
||
| 999 |
_c122028 _d122028 |
||